| 000 | 00473nam a2200181Ia 4500 | ||
|---|---|---|---|
| 005 | 20250603144952.0 | ||
| 008 | 250603s9999 xx 000 0 und d | ||
| 020 | _a9781118864449 | ||
| 050 | _aRA 1062 .F67/ | ||
| 100 | _aEdited by Jane A. Taylor & Jules A. Kieser | ||
| 245 | 0 | _aForensic odontology: principles and practice | |
| 260 | _aChichester | ||
| 260 | _bJohn Wiley & Sons, Inc. | ||
| 260 | _c2016 | ||
| 300 | _a443 p | ||
| 650 | _aChichester | ||
| 942 | _cBK | ||
| 999 |
_c40491 _d40491 |
||